Bogorodit︠s︡yn korablʹ ; Krylatyĭ gostʹ ; Povestʹ o Tatarinovoĭ /

Bibliographic Details
Main Author: Radlova, Anna, 1891-1949
Other Authors: Ėtkind, Aleksandr, 1955-
Format: Book
Language:Russian
Published: Moskva : "IT︠S︡-Garant", 1997.
Series:Materialy i issledovanii͡a po istorii russkoĭ kulʹtury ; vyp. 1.
Subjects:

MARC

Tag First Indicator Second Indicator Subfields
LEADER 00000cam a2200000 a 4500
001 in00001997708
005 20151031120616.0
008 981019s1997 ru b 000 0 ruso
010 |a  98210825  
019 |a 37412451 
020 |a 5900241270 
020 |a 5900241491 
035 |a (OCoLC)ocm41142786 
040 |a DLC  |c DLC  |d HLS  |d EEM  |d GZM  |d IXA  |d OCLCQ  |d TXA  |d UtOrBLW 
043 |a e-ur--- 
049 |a TXAM 
050 0 0 |a PG3476.R18  |b A6 1997 
100 1 |a Radlova, Anna,  |d 1891-1949. 
240 1 0 |a Works.  |k Selections.  |f 1997 
245 1 0 |a Bogorodit︠s︡yn korablʹ ;  |b Krylatyĭ gostʹ ; Povestʹ o Tatarinovoĭ /  |c Anna Radlova ; publikat︠s︡ii︠a︡, predislovie i primechanii︠a︡ Aleksandra Ėtkinda. 
246 3 |a Bogorodit︠s︡yn korablʹ ; Krylatyĭ gostʹ ; Povestʹ o Tatarinovoĭ 
264 1 |a Moskva :  |b "IT︠S︡-Garant",  |c 1997. 
300 |a 187 pages ;  |c 22 cm. 
336 |a text  |b txt  |2 rdacontent 
337 |a unmediated  |b n  |2 rdamedia 
338 |a volume  |b nc  |2 rdacarrier 
490 1 |a Materialy i issledovanii︠a︡ po istorii russkoĭ kulʹtury ;  |v vyp. 1 
504 |a Includes bibliographical references. 
600 0 0 |a Elizabeth,  |c Empress of Russia,  |d 1709-1762  |v Drama. 
700 1 |a Ėtkind, Aleksandr,  |d 1955- 
700 1 2 |a Radlova, Anna,  |d 1891-1949.  |t Krylatyĭ gostʹ. 
700 1 2 |a Radlova, Anna,  |d 1891-1949.  |t Povestʹ o Tatarinovoĭ. 
740 0 2 |a Krylatyĭ gostʹ. 
740 0 2 |a Povestʹ o Tatarinovoĭ. 
830 0 |a Materialy i issledovanii͡a po istorii russkoĭ kulʹtury ;  |v vyp. 1. 
948 |a cataloged  |b h  |c 2004/10/1  |d c  |e tchubaryan  |f 12:32:33 pm 
994 |a E0  |b TXA 
999 |a MARS 
999 f f |s bfb5ff7c-f291-37ee-a6ca-1e7d1aa4a901  |i d9373648-fa7a-35bb-afad-28b0f9389e39  |t 0 
952 f f |p ric  |a Texas A&M University  |b Rellis Campus  |c Joint Library Facility  |d Remote Storage  |t 0  |e PG3476.R18 A6 1997  |h Library of Congress classification  |i unmediated -- volume  |m A14831358239 
998 f f |a PG3476.R18 A6 1997  |t 0  |l Remote Storage